[Event "Privolzhskogo FO-ch"]
[Site "Togliatti"]
[Date "2011.03.16"]
[Round "7"]
[White "Ostanin, Vadim"]
[Black "Davydov, Stepan"]
[Result "1/2-1/2"]
[WhiteElo "2316"]
[BlackElo "2223"]
[PlyCount "38"]
[EventDate "2011.03.10"]
[EventType "swiss"]
[EventRounds "9"]
[EventCountry "RUS"]
[SourceTitle "CBM 141 Extra"]
[Source "ChessBase"]
[SourceDate "2011.05.03"]
[SourceVersion "1"]
[SourceVersionDate "2011.05.03"]
[SourceQuality "1"]

1. c4 Nf6 2. Nc3 g6 3. e4 d6 4. Nf3 Bg7 5. d4 0-0 6. Be2 e5 7. 0-0 exd4 8. Nxd4 Re8 9. f3 Nc6 10. Nxc6 bxc6 11. Be3 Nh5 12. g4 Be5 13. gxh5 Bxh2+ 14. Kxh2 Qh4+ 15. Kg1 Qg3+ 16. Kh1 Qh4+ 17. Kg1 Qg3+ 18. Kh1 Qh4+ 19. Kg1 Qg3+ 1/2-1/2

[Event "Privolzhskogo FO-ch"]
[Site "Togliatti"]
[Date "2011.03.11"]
[Round "2"]
[White "Ostanin, Vadim"]
[Black "Kanter, Eduard"]
[Result "0-1"]
[WhiteElo "2316"]
[BlackElo "2421"]
[PlyCount "110"]
[EventDate "2011.03.10"]
[EventType "swiss"]
[EventRounds "9"]
[EventCountry "RUS"]
[SourceTitle "CBM 141 Extra"]
[Source "ChessBase"]
[SourceDate "2011.05.03"]
[SourceVersion "1"]
[SourceVersionDate "2011.05.03"]
[SourceQuality "1"]

1. c4 Nf6 2. Nc3 d5 3. cxd5 Nxd5 4. Nf3 Nxc3 5. bxc3 g6 6. g3 Bg7 7. Bg2 0-0 8. 0-0 c5 9. Qb3 Nc6 10. Rb1 b6 11. d3 Bb7 12. Be3 Na5 13. Qa3 Rc8 14. c4 Re8 15. Rb5 e5 16. Bg5 Qd7 17. Ne1 e4 18. Rb1 exd3 19. Qxd3 Qg4 20. Bxb7 Nxb7 21. Nf3 h6 22. Bf4 Rcd8 23. Qc2 Na5 24. Rbc1 Qe6 25. Rfe1 Qe4 26. Qa4 Re7 27. Bd2 Nc6 28. Be3 Red7 29. h4 Nb4 30. Qb3 Nd3 31. Qc2 Qf5 32. exd3 Qxf3 33. Rcd1 Kh7 34. Rd2 Bf6 35. a4 Qf5 36. Red1 Qg4 37. Kh2 Kg7 38. a5 g5 39. Rg1 Qf5 40. axb6 axb6 41. Qb1 Rd6 42. Kg2 gxh4 43. gxh4 Kh7 44. Kf1 Bd4 45. Rg3 Rg6 46. Rxg6 Qxg6 47. Bf4 Ra8 48. Qc2 Qg4 49. Bg3 Qh3+ 50. Ke2 Re8+ 51. Kf3 Qh1+ 52. Kg4 h5+ 53. Kf4 Be5+ 54. Kg5 f6+ 55. Kf5 Qf3+ 0-1

[Event "Gornozavodsk op"]
[Site "Gornozavodsk"]
[Date "2010.11.08"]
[Round "9"]
[White "Ostanin, Vadim"]
[Black "Shumilov, Kirill"]
[Result "1-0"]
[WhiteElo "2277"]
[BlackElo "2196"]
[PlyCount "87"]
[EventDate "2010.11.01"]
[EventType "swiss"]
[EventRounds "10"]
[EventCountry "RUS"]
[SourceTitle "EXT 2012"]
[Source "ChessBase"]
[SourceDate "2011.11.24"]
[SourceVersion "1"]
[SourceVersionDate "2011.11.24"]
[SourceQuality "1"]

1. c4 e5 2. g3 g6 3. Bg2 Bg7 4. Nc3 Ne7 5. e3 0-0 6. Nge2 c5 7. 0-0 Nbc6 8. d3 d6 9. a3 Be6 10. Nd5 Qd7 11. Qa4 Rfd8 12. Nec3 Nc8 13. Bd2 Bh3 14. b4 Bxg2 15. Kxg2 N6e7 16. Qxd7 Rxd7 17. e4 Nxd5 18. cxd5 b6 19. Rab1 Bf6 20. Rfc1 Bd8 21. Be3 g5 22. h3 f6 23. Nb5 Rf7 24. a4 a5 25. bxc5 dxc5 26. f4 Rd7 27. Rf1 gxf4 28. gxf4 Nd6 29. Na3 Raa7 30. Kf3 Rg7 31. Rg1 Rg6 32. Rg4 Rag7 33. Bg1 exf4 34. Bh2 Nf7 35. Bxf4 Ne5+ 36. Bxe5 fxe5 37. Nc4 Rf6+ 38. Ke2 Rxg4 39. hxg4 Bc7 40. d6 Bd8 41. Nxb6 Rxd6 42. Nc4 Rf6 43. Rb8 Rf8 44. Nxe5 1-0

[Event "Nabereznye Chelny op 8th"]
[Site "Nabereznye Chelny"]
[Date "2010.01.19"]
[Round "1"]
[White "Ostanin, Vadim"]
[Black "Muzovatkin, Daniil"]
[Result "1-0"]
[WhiteElo "2277"]
[BlackElo "1958"]
[PlyCount "101"]
[EventDate "2010.01.19"]
[EventType "swiss"]
[EventRounds "9"]
[EventCountry "RUS"]
[SourceTitle "CBM 134 Extra"]
[Source "ChessBase"]
[SourceDate "2010.03.03"]
[SourceVersion "1"]
[SourceVersionDate "2010.03.03"]
[SourceQuality "1"]

1. e4 c6 2. d4 d5 3. e5 Bf5 4. Nf3 e6 5. Be2 Nd7 6. 0-0 Ne7 7. Nh4 Bg6 8. Nxg6 hxg6 9. c3 Nf5 10. Nd2 c5 11. Nf3 cxd4 12. cxd4 Qb6 13. Bf4 Be7 14. g4 Nh6 15. h3 Nb8 16. Qd2 Nc6 17. Rac1 Qb4 18. Rc3 Qa5 19. a3 a6 20. Rfc1 Ng8 21. Kg2 Bd8 22. b4 Qb6 23. Qd3 Nge7 24. h4 Nc8 25. Rh1 N8a7 26. Be3 Be7 27. h5 gxh5 28. Rxh5 Kd7 29. Rh7 Rag8 30. Rc1 Rxh7 31. Qxh7 Qd8 32. g5 Qf8 33. Qh3 Rh8 34. Qg4 g6 35. Ne1 b5 36. Nd3 Qb8 37. Nf4 Kc7 38. Nxe6+ fxe6 39. Qxe6 Qd8 40. Bf3 Qd7 41. Bxd5 Rh5 42. f4 Rh8 43. Qxd7+ Kxd7 44. Be4 Nxb4 45. axb4 Bxb4 46. d5 Rc8 47. Bxg6 Rxc1 48. Bxc1 Bc3 49. Be3 Nc8 50. Bf5+ Kd8 51. Bxc8 1-0

[Event "Gornozavodsk Europe-Asia op"]
[Site "Gornozavodsk"]
[Date "2009.11.12"]
[Round "?"]
[White "Filipenko, Alexander V"]
[Black "Ostanin, Vadim"]
[Result "1/2-1/2"]
[WhiteElo "2362"]
[BlackElo "2257"]
[PlyCount "82"]
[EventDate "2009.11.07"]
[EventType "swiss"]
[EventRounds "11"]
[EventCountry "RUS"]
[SourceTitle "EXT 2012"]
[Source "ChessBase"]
[SourceDate "2011.11.24"]
[SourceVersion "1"]
[SourceVersionDate "2011.11.24"]
[SourceQuality "1"]

1. e4 e5 2. Nf3 Nf6 3. d4 Nxe4 4. Bd3 d5 5. dxe5 Nc5 6. Be2 Be7 7. Nc3 c6 8. 0-0 f6 9. Bf4 0-0 10. exf6 Bxf6 11. Be5 Bf5 12. Bxf6 Qxf6 13. Nd4 Nbd7 14. Nxf5 Qxf5 15. Bg4 Qf6 16. Bxd7 Nxd7 17. Qd2 Ne5 18. b3 Rae8 19. Rae1 Ng6 20. a4 Nf4 21. Ne2 Rxe2 22. Rxe2 Qg6 23. f3 Nxe2+ 24. Qxe2 Re8 25. Qf2 b6 26. Re1 Re6 27. Kf1 Kf7 28. a5 Rxe1+ 29. Kxe1 c5 30. axb6 axb6 31. Qe2 Qf6 32. g3 Qd4 33. Kf1 Kf6 34. Kg2 Qc3 35. h4 b5 36. Kh3 c4 37. bxc4 dxc4 38. f4 b4 39. Qe4 h6 40. h5 b3 41. Qc6+ Kf7 1/2-1/2

[Event "Gornozavodsk Europe-Asia op"]
[Site "Gornozavodsk"]
[Date "2009.11.09"]
[Round "?"]
[White "Ostanin, Vadim"]
[Black "Chukharev, Sergey"]
[Result "1-0"]
[WhiteElo "2257"]
[BlackElo "2327"]
[PlyCount "96"]
[EventDate "2009.11.07"]
[EventType "swiss"]
[EventRounds "11"]
[EventCountry "RUS"]
[SourceTitle "EXT 2012"]
[Source "ChessBase"]
[SourceDate "2011.11.24"]
[SourceVersion "1"]
[SourceVersionDate "2011.11.24"]
[SourceQuality "1"]

1. e4 e5 2. Nf3 Nf6 3. Nxe5 d6 4. Nf3 Nxe4 5. d4 d5 6. Bd3 Be7 7. 0-0 0-0 8. c4 c6 9. Nc3 Nxc3 10. bxc3 dxc4 11. Bxc4 Bg4 12. Re1 Nd7 13. Qd3 Bh5 14. Bf4 Re8 15. a4 Nb6 16. Bb3 Nd5 17. Bd2 Bg6 18. Qc4 Nb6 19. Qf1 Nd7 20. a5 a6 21. Qc4 Rc8 22. Bf4 Nf6 23. Ne5 Nd5 24. Bg3 Bg5 25. Red1 Bh5 26. Rdb1 Bd2 27. Qd3 Bxc3 28. Ra3 Rxe5 29. dxe5 Bg6 30. Qf1 Bxb1 31. Qxb1 Qe7 32. Qf5 Rf8 33. Ra4 g6 34. Qe4 Qd7 35. h4 Qf5 36. Bxd5 cxd5 37. Qxd5 Qb1+ 38. Kh2 Qb5 39. Qe4 Re8 40. f4 Bxa5 41. h5 Bc3 42. Rc4 Qa5 43. Qxb7 Bd2 44. Rc7 Qa2 45. Rc6 a5 46. Qd7 Re6 47. Rc8+ Kg7 48. Qd8 gxh5 1-0

[Event "Privolzhskogo FO-ch"]
[Site "Kazan"]
[Date "2009.01.25"]
[Round "5"]
[White "Ostanin, Vadim"]
[Black "Kharlov, Andrei"]
[Result "0-1"]
[WhiteElo "2224"]
[BlackElo "2511"]
[PlyCount "86"]
[EventDate "2009.01.21"]
[EventType "swiss"]
[EventRounds "9"]
[EventCountry "RUS"]
[SourceTitle "EXT 2010"]
[Source "ChessBase"]
[SourceDate "2010.11.25"]
[SourceVersion "1"]
[SourceVersionDate "2010.11.25"]
[SourceQuality "1"]

1. e4 c6 2. d4 d5 3. e5 c5 4. dxc5 Nc6 5. Bb5 Bf5 6. Nf3 a6 7. Bxc6+ bxc6 8. Nd4 e6 9. Nxf5 exf5 10. Qd4 Ne7 11. 0-0 Ng6 12. Nd2 Be7 13. Nf3 0-0 14. Bd2 Re8 15. Qd3 Bxc5 16. Qxf5 h6 17. Bc3 Re6 18. Rad1 a5 19. b3 Qb6 20. h4 Rae8 21. h5 Nf8 22. Rde1 Bb4 23. Re3 Bxc3 24. Rxc3 Nd7 25. Re3 R8e7 26. Rd1 Qc7 27. Rde1 c5 28. g3 d4 29. Re4 Nb6 30. a4 Nd5 31. Kh2 Qb8 32. Kg2 Qb4 33. Rg4 Qc3 34. Re2 Qb4 35. Ree4 Qb7 36. Kh2 Nc3 37. Rxg7+ Kxg7 38. Rg4+ Kf8 39. Qh7 Ke8 40. Qg8+ Kd7 41. Nxd4 Rxe5 42. Rf4 Rxh5+ 43. Rh4 Rxh4+ 0-1

[Event "PriFR-ch U16"]
[Site "Penza"]
[Date "2008.11.05"]
[Round "3"]
[White "Sayapin, Alexander"]
[Black "Ostanin, Vadim"]
[Result "1/2-1/2"]
[WhiteElo "2069"]
[BlackElo "2243"]
[PlyCount "114"]
[EventDate "2008.11.03"]
[EventType "swiss"]
[EventRounds "9"]
[EventCountry "RUS"]
[SourceTitle "EXT 2022"]
[Source "ChessBase"]
[SourceDate "2021.10.06"]
[SourceVersion "1"]
[SourceVersionDate "2021.10.06"]
[SourceQuality "1"]

1. e4 c5 2. Nf3 d6 3. d4 cxd4 4. Nxd4 Nf6 5. Nc3 a6 6. Bc4 e6 7. Bb3 Nbd7 8. f4 Nc5 9. f5 Be7 10. Qf3 0-0 11. Be3 Bd7 12. g4 Nxb3 13. axb3 d5 14. e5 Ne4 15. 0-0 f6 16. exf6 Bxf6 17. Nxe4 dxe4 18. Qxe4 exf5 19. gxf5 Re8 20. Ne6 Bxe6 21. fxe6 Qc8 22. Rad1 Rxe6 23. Qd5 Qc6 24. Qxc6 Rxc6 25. Bd4 Bxd4+ 26. Rxd4 Rxc2 27. Rd7 Re8 28. Rxb7 h6 29. Rf2 Ree2 30. Rxe2 Rxe2 31. Rb6 Rxb2 32. Rxa6 Rxb3 33. Ra2 Kf7 34. Ra7+ Kf6 35. Ra6+ Kg5 36. Ra8 Kh4 37. Ra4+ Kh5 38. Ra5+ g5 39. Ra1 Rb2 40. Rc1 Kh4 41. Rc4+ g4 42. Rc1 h5 43. Ra1 Rb3 44. Ra8 Rb2 45. Ra5 Rb6 46. Ra8 Rg6 47. Ra3 Rg5 48. Ra4 Rf5 49. Ra1 Kh3 50. Ra3+ Rf3 51. Ra1 Rd3 52. Rb1 h4 53. Ra1 Rb3 54. Rc1 Rb2 55. Rc3+ g3 56. hxg3 Rg2+ 57. Kh1 hxg3 1/2-1/2

[Event "Perm op 08"]
[Site "Perm"]
[Date "2008.08.18"]
[Round "8"]
[White "Ostanin, Vadim"]
[Black "Terentjev, Vladislav"]
[Result "1/2-1/2"]
[WhiteElo "2244"]
[BlackElo "2069"]
[PlyCount "40"]
[EventDate "2008.08.09"]
[EventType "swiss"]
[EventRounds "8"]
[EventCountry "RUS"]
[SourceTitle "EXT 2022"]
[Source "ChessBase"]
[SourceDate "2021.10.06"]
[SourceVersion "1"]
[SourceVersionDate "2021.10.06"]
[SourceQuality "1"]

1. e4 c5 2. Nf3 Nc6 3. c3 d5 4. exd5 Qxd5 5. d4 cxd4 6. cxd4 e5 7. Nc3 Bb4 8. Bd2 Bxc3 9. Bxc3 e4 10. Ne5 Nxe5 11. dxe5 Ne7 12. Be2 0-0 13. 0-0 Be6 14. Qa4 a6 15. Rfd1 Qc6 16. Qxc6 Nxc6 17. f3 exf3 18. Bxf3 Rfd8 19. b3 Kf8 20. Kf2 Ke7 1/2-1/2

[Event "Perm"]
[Site "Perm"]
[Date "2008.06.16"]
[Round "6"]
[White "Syrchikov, Alexander"]
[Black "Ostanin, Vadim"]
[Result "1-0"]
[WhiteElo "2537"]
[BlackElo "2333"]
[PlyCount "71"]
[EventDate "2008.06.11"]
[EventType "tourn"]
[EventRounds "9"]
[EventCountry "RUS"]
[EventCategory "5"]
[SourceTitle "CBM 125 Extra"]
[Source "ChessBase"]
[SourceDate "2008.09.01"]
[SourceVersion "1"]
[SourceVersionDate "2008.09.01"]
[SourceQuality "1"]

1. e4 c5 2. Nf3 d6 3. d4 cxd4 4. Nxd4 Nf6 5. Nc3 a6 6. Be2 Nbd7 7. Be3 e6 8. Qd2 Qc7 9. g4 Ne5 10. g5 Nfd7 11. 0-0-0 Nc4 12. Bxc4 Qxc4 13. f4 b5 14. a3 Qc7 15. Rhe1 Nb6 16. f5 Nc4 17. Qd3 Bd7 18. Kb1 0-0-0 19. Bc1 Kb8 20. b3 Nb6 21. Bb2 e5 22. Nf3 Bc6 23. Nxe5 Bb7 24. Qd4 d5 25. Nxf7 Qxf7 26. Qxb6 Rd6 27. Qf2 dxe4 28. Rxd6 Bxd6 29. Nxe4 Bc7 30. Nc5 Bc8 31. f6 gxf6 32. gxf6 Rd8 33. Re7 Qd5 34. f7 Rf8 35. Nxa6+ Bxa6 36. Re8+ 1-0

[Event "Perm"]
[Site "Perm"]
[Date "2008.06.14"]
[Round "4"]
[White "Ostanin, Vadim"]
[Black "Davydov, Stepan"]
[Result "1-0"]
[WhiteElo "2333"]
[BlackElo "2497"]
[PlyCount "65"]
[EventDate "2008.06.11"]
[EventType "tourn"]
[EventRounds "9"]
[EventCountry "RUS"]
[EventCategory "5"]
[SourceTitle "CBM 125 Extra"]
[Source "ChessBase"]
[SourceDate "2008.09.01"]
[SourceVersion "1"]
[SourceVersionDate "2008.09.01"]
[SourceQuality "1"]

1. e4 c5 2. Nf3 Nc6 3. Bb5 g6 4. 0-0 Bg7 5. c3 Nf6 6. d3 0-0 7. Re1 a6 8. Ba4 b5 9. Bc2 d5 10. e5 Nd7 11. Bf4 Nb6 12. Nbd2 h6 13. h3 g5 14. Bg3 Bf5 15. Rb1 Rc8 16. Nb3 Na4 17. d4 Bxc2 18. Qxc2 cxd4 19. Nfxd4 Nxd4 20. Nxd4 e6 21. Qe2 Qa5 22. a3 Qb6 23. h4 Nxc3 24. bxc3 Rxc3 25. Rbd1 Rfc8 26. hxg5 hxg5 27. Qh5 R8c4 28. Nf3 g4 29. Ng5 Qa7 30. Kh2 Rxa3 31. Ne4 b4 32. Nf6+ Kf8 33. Qh7 1-0

[Event "Gornozavodsk op"]
[Site "Gornozavodsk"]
[Date "2007.11.??"]
[Round "10"]
[White "Ostanin, Vadim"]
[Black "Krutko, Anatoly"]
[Result "1-0"]
[WhiteElo "2229"]
[BlackElo "2443"]
[PlyCount "117"]
[EventDate "2007.11.??"]
[EventType "swiss"]
[EventRounds "11"]
[EventCountry "RUS"]
[SourceTitle "CBM 121 Extra"]
[Source "ChessBase"]
[SourceDate "2008.01.10"]
[SourceVersion "1"]
[SourceVersionDate "2008.01.10"]
[SourceQuality "1"]

1. e4 c5 2. c3 Nf6 3. e5 Nd5 4. Nf3 e6 5. d4 cxd4 6. cxd4 Be7 7. Nc3 d6 8. Bd3 Nd7 9. exd6 Bxd6 10. 0-0 N7f6 11. Re1 0-0 12. h3 h6 13. a3 Bd7 14. Bd2 Rc8 15. Rc1 b6 16. Ne4 Be8 17. Bc4 Nc7 18. Nxd6 Qxd6 19. Bb4 Qd7 20. Bxf8 Kxf8 21. Ne5 Qd8 22. Qb3 b5 23. Bf1 Ncd5 24. Rc5 a6 25. Rec1 Rxc5 26. Rxc5 Nd7 27. Rxd5 exd5 28. Qxd5 Qe7 29. Nc6 Qe6 30. Qxe6 fxe6 31. a4 bxa4 32. Bxa6 Nb6 33. Nd8 Ke7 34. Nb7 Bc6 35. Nc5 Kd6 36. f4 Kd5 37. g4 Kxd4 38. Nxe6+ Ke4 39. Nxg7 Kxf4 40. Nf5 Nd5 41. Nxh6 Ne3 42. Nf7 Be8 43. Nd6 Bg6 44. Bb5 Kg3 45. Be8 Bd3 46. g5 Kxh3 47. g6 Nd5 48. Bd7+ Kh4 49. g7 Nf6 50. Be6 Bh7 51. Nf5+ Kg5 52. Ne7 Kh6 53. g8Q Nxg8 54. Bxg8 Bc2 55. Bc4 Kg5 56. Bb5 Kf4 57. Nd5+ Ke4 58. Nb6 Kd4 59. Nxa4 1-0

[Event "Gornozavodsk op"]
[Site "Gornozavodsk"]
[Date "2007.11.??"]
[Round "3"]
[White "Smirnov, Alexey1111"]
[Black "Ostanin, Vadim"]
[Result "1-0"]
[WhiteElo "2404"]
[BlackElo "2229"]
[PlyCount "61"]
[EventDate "2007.11.??"]
[EventType "swiss"]
[EventRounds "11"]
[EventCountry "RUS"]
[SourceTitle "CBM 121 Extra"]
[Source "ChessBase"]
[SourceDate "2008.01.10"]
[SourceVersion "1"]
[SourceVersionDate "2008.01.10"]
[SourceQuality "1"]

1. Nf3 d5 2. d4 Bg4 3. Nbd2 Nf6 4. c3 e6 5. Qc2 c5 6. e3 Nc6 7. Bd3 Rc8 8. Qa4 a6 9. 0-0 c4 10. Bb1 Qd7 11. Re1 Bd6 12. h3 Bh5 13. e4 Bxf3 14. Nxf3 dxe4 15. Ng5 0-0 16. Nxe4 Nxe4 17. Bxe4 g6 18. d5 exd5 19. Bxd5 Bh2+ 20. Kxh2 Qxd5 21. Bf4 Rfd8 22. Rad1 Qc5 23. Be3 Qe5+ 24. f4 Qb5 25. Qxb5 axb5 26. Bb6 Re8 27. Rxe8+ Rxe8 28. Rd7 Re2 29. Rxb7 Rxb2 30. Rc7 Rxa2 31. Rxc6 1-0

[Event "Perm op"]
[Site "Perm"]
[Date "2006.12.19"]
[Round "5"]
[White "Ostanin, Vadim"]
[Black "Matveeva, Olga"]
[Result "1-0"]
[WhiteElo "2120"]
[BlackElo "2079"]
[PlyCount "75"]
[EventDate "2006.12.13"]
[EventType "swiss"]
[EventRounds "9"]
[EventCountry "RUS"]
[SourceTitle "EXT 2008"]
[Source "ChessBase"]
[SourceDate "2007.11.25"]
[SourceVersion "1"]
[SourceVersionDate "2007.11.25"]
[SourceQuality "1"]

1. e4 c5 2. Nf3 Nc6 3. Bb5 g6 4. 0-0 Bg7 5. c3 Nf6 6. Re1 0-0 7. d4 cxd4 8. cxd4 d5 9. e5 Ne4 10. Nc3 Bf5 11. Nh4 Nxc3 12. bxc3 Bd7 13. Bd2 e6 14. Bxc6 Bxc6 15. Nf3 Bb5 16. Qc1 Re8 17. Bh6 Bh8 18. Qf4 Rc8 19. Bg5 Qd7 20. Bf6 Bg7 21. Re3 Rc6 22. Ng5 Bxf6 23. exf6 Qd6 24. Qh4 h5 25. Nf3 Rec8 26. Ne5 Rxc3 27. Rxc3 Rxc3 28. Qg5 Qf8 29. h3 Bc6 30. h4 Kh7 31. g4 hxg4 32. Kg2 Be8 33. Nxg4 e5 34. h5 e4 35. hxg6+ fxg6 36. Rh1+ Kg8 37. Nh6+ Kh7 38. Nf7+ 1-0